000 00464cam a2200193ua 4500
020 _c12.00
041 _aeng
_h
082 _a306.74
_bMAT/PR
100 _aMathur, A.S .
245 _aProstitutes and prostitution /
_cA.S.Mathur.
_hTextual Documents
250 _a1 /
_b.
260 _aAgra :
_bRam prasad and sons ,
_c1965.
300 _a255 ; .
365 _a12.00
504 _a
700 1 _aGupta, B.L .
942 _cBK
999 _c1882
_d1882